000
00308nam a2200109Ia 4500
008
201224s9999 xx 000 0 und d
100
_a
Carsberg, B. V. and Edey, H. C. (ed.)
245
0
_a
Modern Financial Management : Selected Readings
260
_a
Harmondsworth
_b
Penguin Books
300
_a
115
942
_c
BK
999
_c
8923
_d
8923